Houston Rockets Nicknames - Statistics

General Stats
  • This quiz has been taken 1,306 times
  • The average score is 7 of 9
Answer Stats
Nickname Tenure Player % Correct
The Beard 2012–2020 James Harden
100%
CP3 2017–2019 Chris Paul
96%
The Dream 1984–2001 Hakeem Olajuwon
94%
Clyde the Glide 1994–1998 Clyde Drexler
93%
T-Mac 2004–2009 Tracy McGrady
93%
Superman 2013–2016 Dwight Howard
86%
The Jet 1990–1996 Kenny Smith
68%
Stevie Franchise 1999–2004 Steve Francis
65%
Chairman of the Boards 1976–1982 Moses Malone
50%
No matching quizzes found
Score Distribution
Percent of People with Each Score
Percentile by Number Answered
Your Score History
You have not taken this quiz